000 00617nam a2200229Ia 4500
003 OSt
005 20221005121138.0
006 a|||||r|||| 00| 0
007 ta
008 221004b |||||||| |||| 00| 0 tam d
024 _a51071
037 _cTextual
040 _aCRL
_cCRL
_btam
041 _2tam
_atam
082 _aO35:gxM63:g, 31N8
100 _aAiyah N. Dhakshinamurthy Tr.
_9630152
245 0 _aGidugu Venkataramamoorthi
260 _c1998
650 _aTELUGU LITERATURE
942 _hO35:gxM63:g, 31N8
_cTEXL
_2cc
999 _c1040246
_d1040246